Glimpses of western philosophy (Record no. 1435786)

MARC details
000 -LEADER
fixed length control field 00742 a2200217 4500
005 - DATE AND TIME OF LATEST TRANSACTION
control field 20251121124504.0
008 - FIXED-LENGTH DATA ELEMENTS--GENERAL INFORMATION
fixed length control field 251121b |||||||| |||| 00| 0 eng d
020 ## - INTERNATIONAL STANDARD BOOK NUMBER
International Standard Book Number 9789359448589 (pbk)
037 ## - SOURCE OF ACQUISITION
Terms of availability TB
040 ## - CATALOGING SOURCE
Original cataloging agency CRL
Transcribing agency CRL
041 ## - LANGUAGE CODE
Source of code eng
Language code of text/sound track or separate title eng
084 ## - COLON CLASSIFICATION NUMBER
Classification number R85 R1
Assigning agency CRL
245 ## - TITLE STATEMENT
Title Glimpses of western philosophy
260 ## - PUBLICATION, DISTRIBUTION, ETC.
Name of publisher, distributor, etc. Dev Publishers,
Date of publication, distribution, etc. 2025.
Place of publication, distribution, etc. New Delhi, India:
300 ## - PHYSICAL DESCRIPTION
Extent viii, 342p.
365 ## - TRADE PRICE
Price amount 1495.00
Currency code INR
650 ## - SUBJECT ADDED ENTRY--TOPICAL TERM
Topical term or geographic name entry element Western Philosophy
9 (RLIN) 852813
700 ## - ADDED ENTRY--PERSONAL NAME
Personal name Nirmalya Narayan Chakraborty
Relator term editor.
9 (RLIN) 852814
942 ## - ADDED ENTRY ELEMENTS (KOHA)
Koha item type Textbook
Source of classification or shelving scheme Colon Classification (CC)
Suppress in OPAC No
Classification part R85 R1
Holdings
Withdrawn status Lost status Source of classification or shelving scheme Damaged status Not for loan Home library Current library Date acquired Source of acquisition Cost, normal purchase price Inventory number Total Checkouts Full call number Barcode Date last seen Cost, replacement price Price effective from Koha item type
    Colon Classification (CC)     Central Library Central Library 2025-10-17 30/ Excel Book International 1196.00 113 & 2025-10-07   R85 R1 CL1924110 2025-10-17 1495.00 2025-10-17 Textbook
Copyright @ Delhi University Library System